00439 a2200133 4500010001400000020002300014035001300037037001800050082001300068245010000081260005000181270004400231300003000275 aENG-86030 a0070658404c299.00 aEN-69563 bD.B.Act / Pub14a658.40921 aLeadership power plays :bhow the world's most powerful executives reach the top of their game/ aNew DelhibTata Mc-Graw Hill Publishingc2007 a7, West Patel NagarbNew Delhie110 008 aix, 195 p.c21 cm. (Pbk.)